[Event "Kiel op-A 29th"]
[Site "Kiel"]
[Date "2016.07.30"]
[Round "2"]
[White "Bente, Bjoern"]
[Black "Schagen, Walt"]
[Result "1/2-1/2"]
[WhiteElo "2228"]
[BlackElo "2082"]
[PlyCount "120"]
[EventDate "2016.07.30"]
[EventType "swiss"]
[EventRounds "9"]
[EventCountry "GER"]
[SourceTitle "CBM 173 Extra"]
[Source "ChessBase"]
[SourceDate "2016.08.29"]
[SourceVersion "1"]
[SourceVersionDate "2016.08.29"]
[SourceQuality "1"]

1. d4 Nf6 2. Nf3 g6 3. Nc3 d5 4. Bf4 Bg7 5. e3 0-0 6. Bd3 c5 7. 0-0 Nc6 8. dxc5 Bg4 9. Be2 Rc8 10. h3 Bxf3 11. Bxf3 e5 12. Bg5 d4 13. Ne4 h6 14. Nxf6+ Bxf6 15. Bxh6 Re8 16. Bg4 Rc7 17. Re1 Kh7 18. exd4 Kxh6 19. d5 Nd4 20. c3 Rxc5 21. cxd4 Rxd5 22. Qb3 e4 23. Rac1 Bxd4 24. Qxb7 e3 25. fxe3 Bxe3+ 26. Rxe3 Rxe3 27. Qxf7 Qb6 28. Qf4+ Kg7 29. Kh1 Re7 30. Rf1 Qd6 31. Qf8+ Kh7 32. b3 a5 33. Be2 Qd8 34. Qf2 Rd2 35. Qh4+ Kg7 36. Qf6+ Kh7 37. Bc4 Rd1 38. Qxe7+ Qxe7 39. Rxd1 Kh6 40. a4 Kg5 41. Rd5+ Kh4 42. Kh2 Qc7+ 43. Kg1 Qb6+ 44. Kh2 Qc7+ 45. Kh1 Qf4 46. Rd3 Kg5 47. Rf3 Qc1+ 48. Kh2 Qe1 49. Rg3+ Kh5 50. Rf3 Qe5+ 51. Kg1 Qe1+ 52. Rf1 Qe3+ 53. Kh1 Kh4 54. Rd1 Kg5 55. Rf1 Kh6 56. Rf3 Qe1+ 57. Kh2 Qe5+ 58. Kg1 Qe1+ 59. Bf1 Kg5 60. Rd3 Kh6 1/2-1/2

[Event "NED-ch U17"]
[Site "Venlo"]
[Date "2008.05.02"]
[Round "8"]
[White "Schagen, Walt"]
[Black "Evengroen, Henk Jan"]
[Result "1/2-1/2"]
[WhiteElo "1586"]
[BlackElo "1992"]
[PlyCount "84"]
[EventDate "2008.04.25"]
[EventType "swiss"]
[EventRounds "9"]
[EventCountry "NED"]
[SourceTitle "CBM 123 Extra"]
[Source "ChessBase"]
[SourceDate "2008.05.06"]
[SourceVersion "1"]
[SourceVersionDate "2008.05.06"]
[SourceQuality "1"]

1. e4 e5 2. Nf3 Nc6 3. d4 exd4 4. Nxd4 Bc5 5. Be3 Qf6 6. c3 Nge7 7. Bc4 0-0 8. 0-0 b6 9. f4 Bb7 10. Qd3 Qg6 11. Nd2 d5 12. Nxc6 Bxe3+ 13. Qxe3 Bxc6 14. f5 Qg4 15. Be2 Qh4 16. e5 Rad8 17. Rf4 Qh6 18. Bd3 d4 19. Qg3 dxc3 20. f6 Ng6 21. Bxg6 fxg6 22. f7+ Rxf7 23. Rxf7 Kxf7 24. Rf1+ Ke7 25. Qf2 Kd7 26. bxc3 Kc8 27. Nc4 Bb5 28. Qf3 Kb8 29. Na5 bxa5 30. Rb1 a6 31. a4 Qh5 32. axb5 Qxf3 33. bxa6+ Ka7 34. gxf3 Kxa6 35. Kf2 a4 36. Ke3 Ka5 37. Rb7 Ka6 38. Rb4 Ka5 39. Rb7 Ra8 40. Kd4 a3 41. Rb3 c5+ 42. Kxc5 Rc8+ 1/2-1/2